| 000 | 00475nam a22001577a 4500 | ||
|---|---|---|---|
| 999 |
_c182069 _d182069 |
||
| 005 | 20211022145912.0 | ||
| 010 | _aEN230921 | ||
| 020 |
_a8171826733 _c150.00 |
||
| 037 | _bDiamond Pocket Books | ||
| 100 | _aChaturvedi, B.K. | ||
| 245 |
_aVishnu Puran / _cby B.K. Chaturvedi |
||
| 260 |
_aNew Delhi _bDiamond Pocket Books _c2020 |
||
| 270 |
_aX-30, Okhla Industrial Area, Phase-II _bNew Delhi |
||
| 300 |
_a160p. _c22 cms. |
||
| 942 |
_2ddc _cEN _h230.22 _mCHA |
||